000 00834cam a22002415a 4500
001 16541986
005 20151029153325.0
008 101117s2011 enka frb 001 0 eng
020 _a9780321416919
040 _aDLC
_beng
_cDLC
_dDLC
_dEG-ScBUE
082 0 4 _a025.04
_222
_bBAE
100 1 _aBaeza-Yates, R.
_938611
_q(Ricardo)
245 1 0 _aModern information retrieval :
_bthe concepts and technology behind search /
_cRicardo Baeza-Yates, Berthier Ribeiro-Neto.
250 _a2nd ed.
260 _aHarlow :
_bPearson Education Limited / Addison Wesley,
_c2011.
300 _axxx, 913 p. :
_bill. ;
_c24 cm
500 _aIndex : p. 893-913.
504 _aBibliography : p. 761-891.
650 0 _aInformation retrieval.
_2BUEsh
653 _bCOMSCI
_cJune2015
_cOctober2015
700 1 _aRibeiro-Neto, Berthier
_d1960-
942 _2ddc
999 _c19906
_d19878